تحقیق و توضیح : (Record no. 189676)

MARC details
000 -LEADER
fixed length control field 00670nam a22001937a 4500
005 - DATE AND TIME OF LATEST TRANSACTION
control field 20220711111311.0
010 ## - LCCN (DPL NO)
LC control number UR-11637
020 ## - INTERNATIONAL STANDARD BOOK NUMBER
International Standard Book Number 9789393785664
Terms of availability 500.00
035 ## - SYSTEM CONTROL NUMBER
System control number U-10192
037 ## - SOURCE OF ACQUISITION
Source of stock number/acquisition DBAD/PUB
Stock number -
082 ## - DEWEY DECIMAL CLASSIFICATION NUMBER
Classification number 808.88
100 ## - MAIN ENTRY--PERSONAL NAME
Personal name سلطان آزاد
245 ## - TITLE STATEMENT
Title تحقیق و توضیح :
Remainder of title مضا مین کا مجموعہ /
Statement of responsibility, etc سلطان آزاد
246 ## - VARYING FORM OF TITLE
Title proper/short title Tahqeeque-o-Tauzeeh: collection of articles /
Remainder of title by Sultan Azad
260 ## - PUBLICATION, DISTRIBUTION, ETC. (IMPRINT)
Place of publication, distribution, etc New Delhi
Name of publisher, distributor, etc Educational Publishing House
Date of publication, distribution, etc 2022 ء
270 ## - ADDRESS
Address H.o. D1/16, Ansari Road, Daryaganj
City New Delhi
Postal code 110002
300 ## - PHYSICAL DESCRIPTION
Extent 208 ص
Dimensions 22cm(Hb)
942 ## - ADDED ENTRY ELEMENTS (KOHA)
Source of classification or shelving scheme Dewey Decimal Classification
Item type Urdu Bks
Classification part 808.88
Call number suffix س ل ط
Holdings
Withdrawn status Lost status Not for loan Collection code Home library Current library Date acquired Source of acquisition Cost, normal purchase price Full call number Barcode Copy number Cost, replacement price Koha item type
      Non-fiction Central Library Central Library 11/07/2022 DBAD/PUB 500.00 808.88 س ل ط U-10192 1 500.00 Urdu Bks

© Delhi Public Library
Hit Counter
free hit counter